| 000 | 00858nam a2200205Ia 4500 | ||
|---|---|---|---|
| 999 |
_c59353 _d59353 |
||
| 003 | GCL | ||
| 005 | 20240530110215.0 | ||
| 008 | 140319s1993 le 000 0 ara d | ||
| 040 |
_aGCL / _cGCL |
||
| 082 | 0 | 4 |
_a922.3/ _bح د |
| 100 | 1 | _aابن حجر العسقلانى : شهاب الدين ابو الفضل احمد بن على بن محمد بن على الكنانى | |
| 245 | 1 | 2 |
_aالدرر الكامنة فى اعيان المائة الثامنه / _cشهاب الدين احمد بن على بن محمد ابن محمد بن على بن احمد |
| 260 |
_aبيروت : _bدار الجيل، _c1993. |
||
| 300 |
_a14 جزء ؛ _c24 سم. |
||
| 650 | 0 | 7 |
_2qrmak _aالحديث |
| 650 | 0 | 7 |
_2qrmak _aالتاريخ الاسلامى |
| 650 | 0 | 7 |
_2qrmak _aاعلام العرب |
| 650 | 0 | 7 |
_2qrmak _aالرواه _v تراجم |
| 942 |
_2ddc _cREF |
||